00742nam a2200253 u 450000100070000000500170000700800410002402000150006503500110008003500210009104000130011204100080012508200080013311000890014124500390023026000700026930000170033965000250035665000170038165000190039865000420041794200120045999900170047124341220230803083553.0980721s1991 spa  a9290432098 a243412 a(OCoLC)777716662 ccomduadb aspa 4a00120aEuropean Cooperative Programme for Crop Genetic Resources Networks4auteaut982926910aGuide to European Forage Databases aItalia :bInternational Board for Plant Genetic Resources,c1991. a60 páginas aBases de datos96934 aEuropa95352 aGuías915066 aBases de datos internacionales925691 cBOOKn0 c97753d97753